[Event "DEM U14w 2021"]
[Site "Willingen GER"]
[Date "2021.08.25"]
[Round "4"]
[White "Hellenbroich, Helene"]
[Black "Stepanjan, Marianne"]
[Result "0-1"]
[Termination "normal"]
[Board "9"]
[WhiteElo "1378"]
[BlackElo "1392"]
[WhiteClock "00:48:18"]
[BlackClock "00:31:56"]
[PlyCount "154"]
[WhiteFideId "16270754"]
[BlackFideId "16246110"]
[EventCountry "GER"]
[EventRounds "9"]
[EventType "swiss"]
[EventDate "2021.08.22"]

1. e4 {[%clk 01:30:53]} {[%emt 00:00:08]} c5 {[%clk 01:30:55]} {[%emt
00:00:05]} 2. Nf3 {[%clk 01:31:17]} {[%emt 00:00:06]} d6 {[%clk 01:31:05]}
{[%emt 00:00:21]} 3. Bb5+ {[%clk 01:31:40]} {[%emt 00:00:06]} Bd7 {[%clk
01:30:28]} {[%emt 00:01:06]} 4. Bxd7+ {[%clk 01:31:57]} {[%emt 00:00:14]} Qxd7
{[%clk 01:29:51]} {[%emt 00:01:06]} 5. O-O {[%clk 01:31:12]} {[%emt 00:01:14]}
Nc6 {[%clk 01:29:37]} {[%emt 00:00:45]} 6. c3 {[%clk 01:29:52]} {[%emt
00:01:49]} Nf6 {[%clk 01:29:47]} {[%emt 00:00:20]} 7. Re1 {[%clk 01:29:07]}
{[%emt 00:01:15]} e6 {[%clk 01:23:14]} {[%emt 00:07:04]} 8. d4 {[%clk
01:26:21]} {[%emt 00:03:17]} cxd4 {[%clk 01:15:51]} {[%emt 00:07:53]} 9. cxd4
{[%clk 01:23:08]} {[%emt 00:03:42]} Be7 {[%clk 01:10:41]} {[%emt 00:05:40]} 10.
Nbd2 {[%clk 01:22:27]} {[%emt 00:01:12]} O-O {[%clk 01:09:25]} {[%emt
00:01:45]} 11. Nf1 {[%clk 01:19:37]} {[%emt 00:03:20]} Rfd8 {[%clk 01:05:14]}
{[%emt 00:05:14]} 12. Ng3 {[%clk 01:14:39]} {[%emt 00:04:55]} Rac8 {[%clk
00:58:41]} {[%emt 00:07:04]} 13. b3 {[%clk 01:07:19]} {[%emt 00:07:50]} Nb4
{[%clk 00:56:04]} {[%emt 00:03:06]} 14. Re2 {[%clk 01:03:20]} {[%emt 00:04:29]}
Qb5 {[%clk 00:50:05]} {[%emt 00:06:19]} 15. Ne1 {[%clk 00:56:25]} {[%emt
00:07:35]} Rc7 {[%clk 00:45:40]} {[%emt 00:04:55]} 16. a3 {[%clk 00:52:40]}
{[%emt 00:04:15]} Nc6 {[%clk 00:44:21]} {[%emt 00:01:48]} 17. Bb2 {[%clk
00:47:51]} {[%emt 00:05:19]} Na5 {[%clk 00:41:43]} {[%emt 00:03:08]} 18. b4
{[%clk 00:42:35]} {[%emt 00:05:47]} Nc4 {[%clk 00:40:00]} {[%emt 00:02:12]} 19.
Rc1 {[%clk 00:37:31]} {[%emt 00:05:35]} Rdc8 {[%clk 00:38:16]} {[%emt
00:02:14]} 20. Nd3 {[%clk 00:36:44]} {[%emt 00:01:16]} Qg5 {[%clk 00:31:30]}
{[%emt 00:06:58]} 21. Rcc2 {[%clk 00:28:47]} {[%emt 00:08:45]} Nxb2 {[%clk
00:23:09]} {[%emt 00:08:52]} 22. Nxb2 {[%clk 00:28:17]} {[%emt 00:00:59]} Rc3
{[%clk 00:21:57]} {[%emt 00:01:43]} 23. Rxc3 {[%clk 00:27:25]} {[%emt
00:01:22]} Rxc3 {[%clk 00:22:01]} {[%emt 00:00:26]} 24. Rc2 {[%clk 00:27:36]}
{[%emt 00:00:19]} Rxa3 {[%clk 00:17:11]} {[%emt 00:05:19]} 25. Rc8+ {[%clk
00:25:10]} {[%emt 00:02:56]} Bf8 {[%clk 00:17:34]} {[%emt 00:00:07]} 26. Nc4
{[%clk 00:23:20]} {[%emt 00:02:20]} Rc3 {[%clk 00:16:50]} {[%emt 00:01:09]} 27.
Ne2 {[%clk 00:18:01]} {[%emt 00:04:58]} Rh3 {[%clk 00:14:43]} {[%emt 00:03:16]}
28. Ng3 {[%clk 00:17:06]} {[%emt 00:01:43]} Rh6 {[%clk 00:10:36]} {[%emt
00:04:33]} 29. Nxd6 {[%clk 00:15:55]} {[%emt 00:01:44]} Qf4 {[%clk 00:08:57]}
{[%emt 00:01:58]} 30. e5 {[%clk 00:13:35]} {[%emt 00:03:01]} Ng4 {[%clk
00:08:06]} {[%emt 00:00:54]} 31. Qf3 {[%clk 00:11:49]} {[%emt 00:02:44]} Qxf3
{[%clk 00:06:10]} {[%emt 00:02:26]} 32. gxf3 {[%clk 00:12:10]} {[%emt
00:00:09]} Nxh2 {[%clk 00:05:07]} {[%emt 00:01:32]} 33. Ndf5 {[%clk 00:10:09]}
{[%emt 00:02:31]} exf5 {[%clk 00:03:20]} {[%emt 00:02:18]} 34. Nxf5 {[%emt
00:00:12]} Nxf3+ {[%clk 00:02:45]} {[%emt 00:01:02]} 35. Kf1 {[%clk 00:10:03]}
{[%emt 00:00:57]} Re6 {[%clk 00:02:29]} {[%emt 00:00:40]} 36. d5 {[%clk
00:10:12]} {[%emt 00:00:26]} Rxe5 {[%clk 00:02:17]} {[%emt 00:00:42]} 37. d6
{[%clk 00:10:30]} {[%emt 00:00:13]} Rxf5 {[%clk 00:02:21]} {[%emt 00:00:26]}
38. d7 {[%clk 00:10:29]} {[%emt 00:00:31]} Rd5 {[%clk 00:01:51]} {[%emt
00:00:59]} 39. d8=Q {[%clk 00:10:06]} {[%emt 00:00:53]} Rxd8 {[%clk 00:02:18]}
{[%emt 00:00:04]} 40. Rxd8 {[%clk 00:10:28]} {[%emt 00:00:08]} g6 {[%clk
00:02:21]} {[%emt 00:00:26]} 41. Rb8 {[%clk 00:10:43]} {[%emt 00:00:15]} b6
{[%clk 00:02:41]} {[%emt 00:00:10]} 42. b5 {[%clk 00:11:04]} {[%emt 00:00:10]}
Kg7 {[%clk 00:02:26]} {[%emt 00:00:44]} 43. Rb7 {[%clk 00:11:25]} {[%emt
00:00:09]} Nd4 {[%clk 00:02:50]} {[%emt 00:00:06]} 44. Rxa7 {[%clk 00:11:46]}
{[%emt 00:00:10]} Nxb5 {[%clk 00:03:11]} {[%emt 00:00:07]} 45. Rb7 {[%clk
00:12:03]} {[%emt 00:00:13]} Bc5 {[%clk 00:03:18]} {[%emt 00:00:22]} 46. f3
{[%clk 00:12:24]} {[%emt 00:00:11]} Kf6 {[%clk 00:02:41]} {[%emt 00:01:07]} 47.
Ke2 {[%clk 00:12:48]} {[%emt 00:00:06]} Ke6 {[%clk 00:01:38]} {[%emt 00:01:28]}
48. Kd3 {[%clk 00:13:04]} {[%emt 00:00:19]} h5 {[%clk 00:01:47]} {[%emt
00:00:21]} 49. Ke2 {[%clk 00:13:24]} {[%emt 00:00:10]} g5 {[%clk 00:30:22]}
{[%emt 00:01:55]} 50. Kf1 {[%clk 00:43:44]} {[%emt 00:00:09]} h4 {[%clk
00:30:06]} {[%emt 00:00:47]} 51. Kg2 {[%clk 00:44:06]} {[%emt 00:00:07]} f6
{[%clk 00:30:06]} {[%emt 00:00:29]} 52. Kh3 {[%clk 00:43:41]} {[%emt 00:00:57]}
Kf5 {[%clk 00:30:00]} {[%emt 00:00:35]} 53. Rf7 {[%clk 00:43:35]} {[%emt
00:00:37]} Bd4 {[%clk 00:29:42]} {[%emt 00:00:45]} 54. Re7 {[%clk 00:43:34]}
{[%emt 00:00:32]} Kf4 {[%clk 00:29:38]} {[%emt 00:00:31]} 55. Re4+ {[%clk
00:43:53]} {[%emt 00:00:15]} Kf5 {[%clk 00:29:43]} {[%emt 00:00:17]} 56. Rg4
{[%clk 00:43:50]} {[%emt 00:00:41]} Ke5 {[%clk 00:28:15]} {[%emt 00:01:51]} 57.
Re4+ {[%clk 00:44:07]} {[%emt 00:00:20]} Kd5 {[%clk 00:27:44]} {[%emt
00:01:00]} 58. Rg4 {[%clk 00:44:09]} {[%emt 00:00:29]} Nd6 {[%clk 00:27:17]}
{[%emt 00:00:57]} 59. f4 {[%clk 00:44:19]} {[%emt 00:00:20]} Be3 {[%clk
00:27:16]} {[%emt 00:00:30]} 60. fxg5 {[%clk 00:44:31]} {[%emt 00:00:21]} fxg5
{[%clk 00:27:28]} {[%emt 00:00:16]} 61. Rb4 {[%clk 00:44:27]} {[%emt 00:00:34]}
Kc5 {[%clk 00:27:36]} {[%emt 00:00:22]} 62. Rb3 {[%clk 00:44:39]} {[%emt
00:00:20]} Bf4 {[%clk 00:27:54]} {[%emt 00:00:12]} 63. Kg4 {[%clk 00:44:44]}
{[%emt 00:00:25]} b5 {[%clk 00:28:16]} {[%emt 00:00:08]} 64. Rb2 {[%clk
00:44:05]} {[%emt 00:01:09]} Kc4 {[%clk 00:28:25]} {[%emt 00:00:21]} 65. Kf3
{[%clk 00:44:29]} {[%emt 00:00:05]} h3 {[%clk 00:28:22]} {[%emt 00:00:33]} 66.
Kf2 {[%clk 00:44:24]} {[%emt 00:00:35]} h2 {[%clk 00:28:40]} {[%emt 00:00:12]}
67. Kg2 {[%clk 00:44:52]} {[%emt 00:00:02]} b4 {[%clk 00:28:56]} {[%emt
00:00:13]} 68. Rb1 {[%clk 00:45:05]} {[%emt 00:00:16]} b3 {[%clk 00:29:12]}
{[%emt 00:00:15]} 69. Rb2 {[%clk 00:45:27]} {[%emt 00:00:07]} Kc3 {[%clk
00:29:32]} {[%emt 00:00:10]} 70. Rb1 {[%clk 00:45:56]} {[%emt 00:00:01]} b2
{[%clk 00:29:48]} {[%emt 00:00:14]} 71. Rh1 {[%clk 00:46:16]} {[%emt 00:00:10]}
Kc2 {[%clk 00:30:12]} {[%emt 00:00:06]} 72. Kf3 {[%clk 00:46:39]} {[%emt
00:00:07]} b1=Q {[%clk 00:30:32]} {[%emt 00:00:10]} 73. Rxb1 {[%clk 00:46:55]}
{[%emt 00:00:14]} Kxb1 {[%clk 00:30:58]} {[%emt 00:00:05]} 74. Kg2 {[%clk
00:47:18]} {[%emt 00:00:05]} Ne4 {[%clk 00:31:13]} {[%emt 00:00:17]} 75. Kh1
{[%clk 00:47:33]} {[%emt 00:00:14]} Ng3 {[%clk 00:31:37]} {[%emt 00:00:06]} 76.
Kg2 {[%clk 00:47:59]} {[%emt 00:00:04]} h1=Q+ {[%clk 00:31:56]} {[%emt
00:00:12]} 77. Kf2 {[%clk 00:48:18]} {[%emt 00:00:09]} Qf1+ {[%emt 00:00:11]}
0-1

[Event "DEM U14w 2021"]
[Site "Willingen GER"]
[Date "2021.08.25"]
[Round "4"]
[White "Fischer, Juliane"]
[Black "Malmström, Eva"]
[Result "1-0"]
[Termination "normal"]
[Board "10"]
[WhiteElo "1486"]
[BlackElo "1348"]
[WhiteClock "00:19:44"]
[BlackClock "00:23:56"]
[PlyCount "167"]
[WhiteFideId "16290135"]
[BlackFideId "34607072"]
[EventCountry "GER"]
[EventRounds "9"]
[EventType "swiss"]
[EventDate "2021.08.22"]

1. e4 {[%clk 01:30:57]} {[%emt 00:00:03]} e5 {[%clk 01:30:50]} {[%emt
00:00:10]} 2. Nf3 {[%clk 01:31:20]} {[%emt 00:00:08]} Nf6 {[%clk 01:31:00]}
{[%emt 00:00:20]} 3. Nc3 {[%clk 01:31:36]} {[%emt 00:00:14]} d6 {[%clk
01:29:14]} {[%emt 00:02:16]} 4. d4 {[%clk 01:31:20]} {[%emt 00:00:47]} exd4
{[%clk 01:28:23]} {[%emt 00:01:21]} 5. Nxd4 {[%clk 01:31:24]} {[%emt 00:00:27]}
Bd7 {[%clk 01:26:47]} {[%emt 00:02:05]} 6. Be3 {[%clk 01:29:08]} {[%emt
00:02:45]} Nc6 {[%clk 01:25:09]} {[%emt 00:02:08]} 7. Be2 {[%clk 01:23:54]}
{[%emt 00:05:43]} Be7 {[%clk 01:24:07]} {[%emt 00:01:32]} 8. Qd2 {[%clk
01:21:24]} {[%emt 00:03:00]} Ne5 {[%clk 01:21:51]} {[%emt 00:02:46]} 9. f3
{[%clk 01:19:46]} {[%emt 00:02:08]} c5 {[%clk 01:18:46]} {[%emt 00:03:36]} 10.
Nb3 {[%clk 01:15:14]} {[%emt 00:05:02]} a6 {[%clk 01:14:35]} {[%emt 00:04:41]}
11. a4 {[%clk 01:11:36]} {[%emt 00:04:07]} Be6 {[%clk 01:12:57]} {[%emt
00:02:21]} 12. Nd5 {[%clk 01:03:18]} {[%emt 00:08:35]} O-O {[%clk 01:07:13]}
{[%emt 00:06:14]} 13. c4 {[%clk 00:59:24]} {[%emt 00:04:24]} Re8 {[%clk
01:05:06]} {[%emt 00:02:37]} 14. O-O {[%clk 00:58:36]} {[%emt 00:01:18]} Rb8
{[%clk 01:01:05]} {[%emt 00:04:32]} 15. Qc3 {[%clk 00:51:11]} {[%emt 00:07:51]}
Nxd5 {[%clk 00:55:07]} {[%emt 00:06:31]} 16. cxd5 {[%clk 00:50:18]} {[%emt
00:01:24]} Bd7 {[%clk 00:54:46]} {[%emt 00:00:51]} 17. Nc1 {[%clk 00:39:34]}
{[%emt 00:11:13]} Qb6 {[%clk 00:51:59]} {[%emt 00:03:17]} 18. a5 {[%clk
00:35:48]} {[%emt 00:04:16]} Qc7 {[%clk 00:49:11]} {[%emt 00:03:19]} 19. Nd3
{[%clk 00:32:32]} {[%emt 00:03:46]} Bf6 {[%clk 00:46:36]} {[%emt 00:03:05]} 20.
Qc2 {[%clk 00:31:58]} {[%emt 00:01:00]} Bb5 {[%clk 00:41:54]} {[%emt 00:05:16]}
21. Nxe5 {[%clk 00:29:25]} {[%emt 00:03:03]} Bxe2 {[%clk 00:40:39]} {[%emt
00:01:44]} 22. Qxe2 {[%clk 00:27:54]} {[%emt 00:02:01]} Bxe5 {[%clk 00:40:44]}
{[%emt 00:00:25]} 23. Qc2 {[%clk 00:27:28]} {[%emt 00:00:56]} Qe7 {[%clk
00:40:14]} {[%emt 00:01:00]} 24. Rac1 {[%clk 00:24:30]} {[%emt 00:03:28]} Qh4
{[%clk 00:39:20]} {[%emt 00:01:24]} 25. g3 {[%clk 00:24:17]} {[%emt 00:00:42]}
Qf6 {[%clk 00:38:09]} {[%emt 00:01:42]} 26. f4 {[%clk 00:21:10]} {[%emt
00:03:37]} Bd4 {[%clk 00:36:47]} {[%emt 00:01:53]} 27. Rfe1 {[%clk 00:20:26]}
{[%emt 00:01:14]} h6 {[%clk 00:34:04]} {[%emt 00:03:11]} 28. Rcd1 {[%clk
00:18:13]} {[%emt 00:02:45]} Bxe3+ {[%clk 00:32:44]} {[%emt 00:01:50]} 29. Rxe3
{[%clk 00:18:33]} {[%emt 00:00:10]} Qd8 {[%clk 00:31:56]} {[%emt 00:01:17]} 30.
Qc3 {[%clk 00:18:32]} {[%emt 00:00:30]} Re7 {[%clk 00:31:39]} {[%emt 00:00:48]}
31. e5 {[%clk 00:17:26]} {[%emt 00:01:36]} Qd7 {[%clk 00:27:55]} {[%emt
00:04:13]} 32. exd6 {[%clk 00:11:39]} {[%emt 00:06:18]} Rxe3 {[%clk 00:27:24]}
{[%emt 00:01:02]} 33. Qxe3 {[%clk 00:12:01]} {[%emt 00:00:07]} Qxd6 {[%clk
00:27:40]} {[%emt 00:00:14]} 34. Qe5 {[%clk 00:11:12]} {[%emt 00:01:19]} Rd8
{[%clk 00:24:49]} {[%emt 00:03:21]} 35. Kf2 {[%clk 00:10:15]} {[%emt 00:01:27]}
Kf8 {[%clk 00:24:46]} {[%emt 00:00:33]} 36. Kf3 {[%clk 00:09:07]} {[%emt
00:01:37]} b6 {[%clk 00:20:46]} {[%emt 00:04:32]} 37. Qxd6+ {[%clk 00:08:35]}
{[%emt 00:01:01]} Rxd6 {[%clk 00:21:04]} {[%emt 00:00:12]} 38. axb6 {[%clk
00:08:57]} {[%emt 00:00:09]} Rxb6 {[%clk 00:21:15]} {[%emt 00:00:18]} 39. d6
{[%clk 00:09:09]} {[%emt 00:00:18]} Ke8 {[%clk 00:21:25]} {[%emt 00:00:19]} 40.
Rd5 {[%clk 00:01:31]} {[%emt 00:08:10]} Kd7 {[%clk 00:14:26]} {[%emt 00:07:29]}
41. Rxc5 {[%clk 00:29:28]} {[%emt 00:02:34]} Kxd6 {[%clk 00:44:24]} {[%emt
00:00:31]} 42. Rc2 {[%clk 00:29:28]} {[%emt 00:00:30]} f5 {[%clk 00:43:53]}
{[%emt 00:01:02]} 43. Ke3 {[%clk 00:28:02]} {[%emt 00:01:54]} Kd5 {[%clk
00:43:16]} {[%emt 00:01:08]} 44. Kd3 {[%clk 00:24:58]} {[%emt 00:03:32]} g6
{[%clk 00:43:04]} {[%emt 00:00:44]} 45. Re2 {[%clk 00:24:42]} {[%emt 00:00:46]}
Rb3+ {[%clk 00:41:08]} {[%emt 00:02:26]} 46. Kc2 {[%clk 00:24:57]} {[%emt
00:00:14]} Rb5 {[%clk 00:40:58]} {[%emt 00:00:41]} 47. Kd3 {[%clk 00:23:57]}
{[%emt 00:01:31]} Rb3+ {[%clk 00:40:47]} {[%emt 00:00:41]} 48. Kc2 {[%clk
00:24:14]} {[%emt 00:00:13]} Rb6 {[%clk 00:41:09]} {[%emt 00:00:06]} 49. Kd3
{[%clk 00:24:16]} {[%emt 00:00:27]} Kc5 {[%clk 00:39:16]} {[%emt 00:02:24]} 50.
Kc3 {[%clk 00:24:25]} {[%emt 00:00:21]} Rd6 {[%clk 00:34:38]} {[%emt 00:05:09]}
51. Re5+ {[%clk 00:23:10]} {[%emt 00:01:45]} Kb6 {[%clk 00:34:25]} {[%emt
00:00:42]} 52. b3 {[%clk 00:21:42]} {[%emt 00:01:58]} a5 {[%clk 00:34:03]}
{[%emt 00:00:53]} 53. Kc4 {[%clk 00:20:41]} {[%emt 00:01:30]} Rc6+ {[%clk
00:34:13]} {[%emt 00:00:21]} 54. Kd3 {[%clk 00:21:00]} {[%emt 00:00:12]} Rc5
{[%clk 00:32:54]} {[%emt 00:01:48]} 55. Re6+ {[%clk 00:21:13]} {[%emt
00:00:15]} Rc6 {[%clk 00:33:10]} {[%emt 00:00:15]} 56. Rxc6+ {[%clk 00:21:11]}
{[%emt 00:00:32]} Kxc6 {[%clk 00:33:31]} {[%emt 00:00:08]} 57. Kc4 {[%clk
00:21:32]} {[%emt 00:00:10]} Kb6 {[%clk 00:32:52]} {[%emt 00:01:09]} 58. h3
{[%clk 00:19:27]} {[%emt 00:02:34]} h5 {[%clk 00:32:25]} {[%emt 00:00:57]} 59.
Kc3 {[%clk 00:15:36]} {[%emt 00:04:22]} Kb5 {[%clk 00:30:18]} {[%emt 00:02:37]}
60. h4 {[%clk 00:15:25]} {[%emt 00:00:42]} Kc5 {[%clk 00:30:24]} {[%emt
00:00:23]} 61. Kd3 {[%clk 00:15:07]} {[%emt 00:00:47]} Kb5 {[%clk 00:24:42]}
{[%emt 00:06:13]} 62. Kc3 {[%clk 00:15:12]} {[%emt 00:00:24]} Kc5 {[%clk
00:24:48]} {[%emt 00:00:25]} 63. Kd3 {[%clk 00:15:33]} {[%emt 00:00:08]} Kb4
{[%clk 00:24:33]} {[%emt 00:00:46]} 64. Kc2 {[%clk 00:15:56]} {[%emt 00:00:08]}
Ka3 {[%clk 00:23:48]} {[%emt 00:01:15]} 65. Kc3 {[%clk 00:16:17]} {[%emt
00:00:07]} Ka2 {[%clk 00:23:57]} {[%emt 00:00:22]} 66. b4 {[%clk 00:13:56]}
{[%emt 00:02:53]} axb4+ {[%clk 00:22:11]} {[%emt 00:02:15]} 67. Kxb4 {[%clk
00:14:21]} {[%emt 00:00:05]} Kb2 {[%clk 00:22:32]} {[%emt 00:00:08]} 68. Kc4
{[%clk 00:14:39]} {[%emt 00:00:11]} Kc2 {[%clk 00:22:55]} {[%emt 00:00:08]} 69.
Kd4 {[%clk 00:15:03]} {[%emt 00:00:06]} Kd2 {[%clk 00:23:17]} {[%emt 00:00:10]}
70. Ke5 {[%clk 00:15:30]} {[%emt 00:00:02]} Ke3 {[%clk 00:23:30]} {[%emt
00:00:17]} 71. Kf6 {[%clk 00:15:53]} {[%emt 00:00:06]} Kf3 {[%clk 00:23:43]}
{[%emt 00:00:19]} 72. Kxg6 {[%clk 00:16:18]} {[%emt 00:00:04]} Kxg3 {[%clk
00:23:51]} {[%emt 00:00:22]} 73. Kg5 {[%clk 00:16:42]} {[%emt 00:00:05]} Kh3
{[%clk 00:22:50]} {[%emt 00:01:31]} 74. Kxh5 {[%clk 00:17:05]} {[%emt
00:00:07]} Kg2 {[%clk 00:22:14]} {[%emt 00:01:06]} 75. Kg5 {[%clk 00:17:26]}
{[%emt 00:00:09]} Kg3 {[%clk 00:22:35]} {[%emt 00:00:09]} 76. h5 {[%clk
00:17:46]} {[%emt 00:00:09]} Kf3 {[%clk 00:22:32]} {[%emt 00:00:34]} 77. h6
{[%clk 00:18:06]} {[%emt 00:00:09]} Ke4 {[%clk 00:22:56]} {[%emt 00:00:07]} 78.
h7 {[%clk 00:18:27]} {[%emt 00:00:08]} Kd5 {[%clk 00:23:17]} {[%emt 00:00:10]}
79. h8=Q {[%clk 00:18:45]} {[%emt 00:00:12]} Ke6 {[%clk 00:23:19]} {[%emt
00:00:28]} 80. Qe5+ {[%clk 00:18:57]} {[%emt 00:00:18]} Kf7 {[%clk 00:23:06]}
{[%emt 00:00:43]} 81. Qf6+ {[%clk 00:19:08]} {[%emt 00:00:19]} Kg8 {[%clk
00:23:21]} {[%emt 00:00:15]} 82. Qe7 {[%clk 00:19:20]} {[%emt 00:00:17]} Kh8
{[%clk 00:23:40]} {[%emt 00:00:12]} 83. Kg6 {[%clk 00:19:44]} {[%emt 00:00:06]}
Kg8 {[%clk 00:23:56]} {[%emt 00:00:14]} 84. Qg7# {[%emt 00:00:05]} 1-0

[Event "DEM U14w 2021"]
[Site "Willingen GER"]
[Date "2021.08.25"]
[Round "4"]
[White "Heuberger, Sandra"]
[Black "Labuda, Annika"]
[Result "0-1"]
[Termination "normal"]
[Board "11"]
[WhiteElo "1110"]
[BlackElo "1284"]
[WhiteClock "00:23:25"]
[BlackClock "00:16:30"]
[PlyCount "98"]
[WhiteFideId "16232151"]
[BlackFideId "16261453"]
[EventCountry "GER"]
[EventRounds "9"]
[EventType "swiss"]
[EventDate "2021.08.22"]

1. d4 {[%clk 01:30:57]} {[%emt 00:00:03]} d5 {[%clk 01:30:53]} {[%emt
00:00:08]} 2. c4 {[%clk 01:31:23]} {[%emt 00:00:03]} e6 {[%clk 01:31:09]}
{[%emt 00:00:14]} 3. Nc3 {[%clk 01:31:47]} {[%emt 00:00:07]} Nf6 {[%clk
01:31:20]} {[%emt 00:00:17]} 4. Bg5 {[%clk 01:32:10]} {[%emt 00:00:07]} Nbd7
{[%clk 01:31:24]} {[%emt 00:00:27]} 5. e3 {[%clk 01:32:27]} {[%emt 00:00:12]}
c6 {[%clk 01:31:36]} {[%emt 00:00:18]} 6. Nf3 {[%clk 01:32:34]} {[%emt
00:00:23]} Qa5 {[%clk 01:31:38]} {[%emt 00:00:27]} 7. Qc2 {[%clk 01:31:08]}
{[%emt 00:01:57]} Bb4 {[%clk 01:27:36]} {[%emt 00:04:31]} 8. Bd3 {[%clk
01:21:12]} {[%emt 00:10:26]} h6 {[%clk 01:23:17]} {[%emt 00:04:49]} 9. Bf4
{[%clk 01:19:32]} {[%emt 00:02:09]} c5 {[%clk 01:09:30]} {[%emt 00:14:19]} 10.
O-O {[%clk 01:17:01]} {[%emt 00:03:00]} cxd4 {[%clk 01:07:36]} {[%emt
00:02:31]} 11. exd4 {[%clk 01:13:23]} {[%emt 00:04:02]} dxc4 {[%clk 01:06:45]}
{[%emt 00:01:21]} 12. Bxc4 {[%clk 01:11:52]} {[%emt 00:02:00]} O-O {[%clk
01:02:52]} {[%emt 00:04:22]} 13. Rac1 {[%clk 01:07:01]} {[%emt 00:05:22]} Nb6
{[%clk 00:57:11]} {[%emt 00:06:10]} 14. Ne2 {[%clk 00:56:04]} {[%emt 00:11:27]}
Nxc4 {[%clk 00:53:32]} {[%emt 00:04:09]} 15. Qxc4 {[%clk 00:56:05]} {[%emt
00:00:29]} b6 {[%clk 00:52:18]} {[%emt 00:01:44]} 16. a3 {[%clk 00:52:43]}
{[%emt 00:03:53]} Be7 {[%clk 00:48:37]} {[%emt 00:04:10]} 17. Ne5 {[%clk
00:47:47]} {[%emt 00:05:25]} Ba6 {[%clk 00:46:53]} {[%emt 00:02:14]} 18. Qc2
{[%clk 00:46:23]} {[%emt 00:01:56]} Nd5 {[%clk 00:34:32]} {[%emt 00:12:51]} 19.
Bg3 {[%clk 00:41:53]} {[%emt 00:04:59]} Bg5 {[%clk 00:24:14]} {[%emt 00:10:48]}
20. f4 {[%clk 00:35:12]} {[%emt 00:07:11]} Ne3 {[%clk 00:17:51]} {[%emt
00:06:54]} 21. Qe4 {[%clk 00:30:44]} {[%emt 00:04:54]} Nxf1 {[%clk 00:17:22]}
{[%emt 00:01:02]} 22. Rxf1 {[%clk 00:30:53]} {[%emt 00:00:21]} Bxe2 {[%clk
00:17:39]} {[%emt 00:00:12]} 23. Qxe2 {[%clk 00:31:08]} {[%emt 00:00:16]} Bf6
{[%clk 00:17:23]} {[%emt 00:00:47]} 24. Kh1 {[%clk 00:29:27]} {[%emt 00:02:11]}
Bxe5 {[%clk 00:17:09]} {[%emt 00:00:44]} 25. dxe5 {[%clk 00:29:10]} {[%emt
00:00:48]} Rfd8 {[%clk 00:17:08]} {[%emt 00:00:30]} 26. f5 {[%clk 00:28:12]}
{[%emt 00:01:29]} exf5 {[%clk 00:16:09]} {[%emt 00:01:30]} 27. Rxf5 {[%clk
00:27:42]} {[%emt 00:00:59]} Qd2 {[%clk 00:16:07]} {[%emt 00:00:32]} 28. Qf1
{[%clk 00:26:21]} {[%emt 00:01:50]} Rd7 {[%clk 00:15:06]} {[%emt 00:01:34]} 29.
h3 {[%clk 00:25:12]} {[%emt 00:01:38]} Qd1 {[%clk 00:14:52]} {[%emt 00:00:43]}
30. Be1 {[%clk 00:22:26]} {[%emt 00:03:16]} Rc8 {[%clk 00:14:12]} {[%emt
00:01:09]} 31. Rf2 {[%clk 00:21:22]} {[%emt 00:01:36]} Rc5 {[%clk 00:12:25]}
{[%emt 00:02:14]} 32. Re2 {[%clk 00:21:36]} {[%emt 00:00:20]} Re7 {[%clk
00:11:37]} {[%emt 00:01:17]} 33. Kh2 {[%clk 00:21:39]} {[%emt 00:00:28]} Rcxe5
{[%clk 00:11:24]} {[%emt 00:00:44]} 34. Rxe5 {[%clk 00:20:58]} {[%emt
00:01:10]} Rxe5 {[%clk 00:11:43]} {[%emt 00:00:10]} 35. b3 {[%clk 00:20:21]}
{[%emt 00:01:09]} Qxe1 {[%clk 00:11:45]} {[%emt 00:00:27]} 36. Qxe1 {[%clk
00:20:12]} {[%emt 00:00:40]} Rxe1 {[%clk 00:12:13]} {[%emt 00:00:02]} 37. Kg3
{[%clk 00:20:26]} {[%emt 00:00:15]} Re3+ {[%clk 00:12:32]} {[%emt 00:00:12]}
38. Kf4 {[%clk 00:20:38]} {[%emt 00:00:17]} Rxb3 {[%clk 00:12:57]} {[%emt
00:00:05]} 39. a4 {[%clk 00:20:47]} {[%emt 00:00:22]} Rb4+ {[%clk 00:13:22]}
{[%emt 00:00:04]} 40. Kf3 {[%clk 00:21:04]} {[%emt 00:00:13]} Rxa4 {[%clk
00:13:47]} {[%emt 00:00:06]} 41. g4 {[%clk 00:21:25]} {[%emt 00:00:08]} Rc4
{[%clk 00:14:01]} {[%emt 00:00:16]} 42. Kf2 {[%clk 00:21:26]} {[%emt 00:00:30]}
a5 {[%clk 00:14:26]} {[%emt 00:00:05]} 43. Kf3 {[%clk 00:21:46]} {[%emt
00:00:10]} a4 {[%clk 00:14:50]} {[%emt 00:00:05]} 44. Kf2 {[%clk 00:22:13]}
{[%emt 00:00:03]} a3 {[%clk 00:15:17]} {[%emt 00:00:03]} 45. Kg3 {[%clk
00:22:30]} {[%emt 00:00:12]} Rc3+ {[%clk 00:15:30]} {[%emt 00:00:18]} 46. Kg2
{[%clk 00:22:41]} {[%emt 00:00:20]} a2 {[%clk 00:15:50]} {[%emt 00:00:10]} 47.
Kh2 {[%clk 00:22:59]} {[%emt 00:00:11]} a1=Q {[%clk 00:16:09]} {[%emt
00:00:12]} 48. h4 {[%clk 00:23:04]} {[%emt 00:00:25]} Qb2+ {[%clk 00:16:30]}
{[%emt 00:00:09]} 49. Kg1 {[%clk 00:23:25]} {[%emt 00:00:08]} Rc1# {[%emt
00:00:22]} 0-1